000 00712cab a2200229 4500
001 WB3417-04
008 090401t1998 xxu||||| |||| 00| 0 eng d
035 _a(Sirsi) u86099
041 _aeng
245 _aLGA backs Latham aims
260 _c1998
350 _a0
490 _aBuilding
_v263(19) 8 May 1998, 10(1)
520 _aThe Local Government Association is urging local authorities to adopt the principles in the Construction Clients Forum report "Constructing Improvement".
650 _aCONSTRUCTION CLIENTS FORUM
650 _aLATHAM REFORMS
650 _aLOCAL AUTHORITIES
650 _aLOCAL GOVERNMENT ASSOCIATION
690 _aBUILT ENVIRONMENT
942 _n0
948 _c08/05/1998
999 _c54165
_d54165